000 00309nam a2200133Ia 4500
008 150201s1997 xx 000 0 und d
082 _a617.5
_bO97A
100 _aADAMS , GREGG. A.
245 _aON CALL SURGERY
260 _bELSEVIER
_aINDIA
_c1997
300 _a513
650 _aSURGERY
942 _2ddc
_cBK
_01
999 _c1844
_d1844